| 000 | 02215cas a2200589 a 4500 | ||
|---|---|---|---|
| 001 | 13951304 | ||
| 003 | NUST | ||
| 005 | 20220726150556.0 | ||
| 008 | 050504c20029999nyu x 0 a0eng d | ||
| 010 |
_a 2005208780 _z 2004296767 |
||
| 022 | 0 |
_a1558-2124 _l1558-2124 _21 |
|
| 035 | _a(OCoLC)ocm54489216 | ||
| 037 | _bSimon & Schuster, 100 Front St., Riverside, NJ 08075 | ||
| 038 | _aAzhar | ||
| 040 |
_aJED _beng _cJED _dSRB _dDLC _dNSD _dOCLCQ _dOCLCF _dGK8 _dTULIB _dOCLCO _dUPM _dOCL _dOCLCO _dOCLCQ _dGILDS |
||
| 042 |
_alccopycat _ansdp |
||
| 050 | 0 | 0 |
_aHF1118 _b.G622 |
| 082 | 1 | 0 |
_a658.0076 _213 _bKAP |
| 222 | 0 | _aGMAT 800 | |
| 245 | 0 | 0 | _aGMAT 800. |
| 246 | 3 | _aGraduate Management Admission Test 800 | |
| 246 | 3 | _aKaplan GMAT 800 | |
| 250 | _a9th edition | ||
| 260 |
_aNew York : _bKaplan publishing _c2014 |
||
| 260 | 3 |
_32014 _aNew York : _bKaplan Publishing |
|
| 300 |
_a372p _billustrations ; _c28 cm |
||
| 310 | _aIrregular | ||
| 336 |
_atext _btxt _2rdacontent |
||
| 337 |
_aunmediated _bn _2rdamedia |
||
| 338 |
_avolume _bnc _2rdacarrier |
||
| 362 | 0 | _a2002- | |
| 500 | _aAt head of title: Kaplan. | ||
| 515 | _aVols. published <2014-> called <9th-> ed. | ||
| 588 | _aLatest issue consulted: 9th ed., published 2014. | ||
| 650 | 0 |
_aGraduate Management Admission Test _vStudy guides _vPeriodicals. _995268 |
|
| 650 | 0 |
_aManagement _xExaminations _vStudy guides _vPeriodicals. _995269 |
|
| 650 | 7 |
_aGraduate Management Admission Test. _2fast _0(OCoLC)fst00945813 _995270 |
|
| 650 | 7 |
_aManagement _xExaminations. _2fast _0(OCoLC)fst01007187 _995271 |
|
| 655 | 7 |
_aPeriodicals. _2fast _0(OCoLC)fst01411641 |
|
| 655 | 7 |
_aStudy guides. _2fast _0(OCoLC)fst01423888 _924862 |
|
| 655 | 7 |
_aStudy guides. _2lcgft _924862 |
|
| 655 | 7 |
_aPeriodicals. _2lcgft _995272 |
|
| 776 | 0 | 8 |
_iOnline version: _tGMAT 800 _w(OCoLC)895122947 |
| 906 |
_a7 _bcbc _cserials _d2 _encip _f20 _gn-oclcserc |
||
| 942 |
_2ddc _cLC |
||
| 999 |
_c590652 _d590652 |
||